| 000 | 00465nam a22001812 4500 | ||
|---|---|---|---|
| 001 | 0000005574 | ||
| 005 | 20151217160107.0 | ||
| 008 | 070619s xx 000 0 eng d | ||
| 040 |
_aKABU _cKABU |
||
| 050 | 0 |
_aPZ7 _b.M6T76 |
|
| 100 | 1 |
_aMpesha, Nyambura. _@0000156827 |
|
| 245 | 1 | 0 | _aTrouble over fare. |
| 260 |
_aNairobi : _bPhoenix, _c2004. |
||
| 300 | _a24 p. | ||
| 908 | _a070619 | ||
| 950 | _@1 | ||
| 999 |
_c14142 _d14142 |
||